[Event "Quebec-ch 1/2 final"]
[Site "Montreal CAN"]
[Date "2002.06.08"]
[Round "2"]
[White "Bolduc, Steve"]
[Black "Chabot, Roland"]
[Result "1/2-1/2"]
[WhiteElo "2245"]
[BlackElo "2127"]
[PlyCount "46"]
[EventDate "2002.06.07"]
[EventType "swiss"]
[EventRounds "5"]
[EventCountry "CAN"]

1. d4 Nf6 2. c4 d6 3. Nc3 Nbd7 4. g3 e5 5. Nf3 Be7 6. Bg2 O-O 7. O-O c6 8. Qc2
Qc7 9. h3 Re8 10. e4 a6 11. a4 a5 12. Be3 exd4 13. Nxd4 Nc5 14. Rad1 g6 15.
Rfe1 Nfd7 16. f4 Bf8 17. Bf2 Qb6 18. Bf1 Qc7 19. Nf3 b6 20. Bg2 Bb7 21. Bd4 Ne6
22. Bf2 Nec5 23. Bd4 Ne6 1/2-1/2

[Event "Quebec-ch 1/2 final"]
[Site "Montreal CAN"]
[Date "2002.06.08"]
[Round "2"]
[White "Forget, Luc"]
[Black "Audet-Bouchard, Nicolas"]
[Result "0-1"]
[WhiteElo "1842"]
[BlackElo "1980"]
[PlyCount "134"]
[EventDate "2002.06.07"]
[EventType "swiss"]
[EventRounds "5"]
[EventCountry "CAN"]

1. d4 Nf6 2. c4 e6 3. Nc3 Bb4 4. Qc2 c5 5. a3 Bxc3+ 6. bxc3 Nc6 7. Nf3 d5 8. e3
O-O 9. cxd5 exd5 10. Be2 Bg4 11. O-O Rc8 12. Qd1 Ne4 13. Bb2 c4 14. Nd2 Bxe2
15. Qxe2 Nxd2 16. Qxd2 Re8 17. Qc2 Re6 18. Rae1 Qh4 19. f3 Rce8 20. Qf2 Qe7 21.
e4 Na5 22. e5 f5 23. f4 Nb3 24. Re2 b5 25. Qf3 Qd7 26. Kh1 Rb6 27. Rg1 Kh8 28.
g4 Rf8 29. g5 a5 30. h4 Ra8 31. Qh3 Qe6 32. h5 Kg8 33. g6 h6 34. Rge1 Kf8 35.
Qh4 Ke8 36. Kg2 Kd7 37. Qh3 Re8 38. Bc1 Re7 39. Be3 Kc7 40. Bf2 Re8 41. Bh4 Ra8
42. Rd1 Raa6 43. Be1 Qc8 44. Qe3 Qg8 45. Qh3 Qe6 46. Rc2 Kd7 47. Re2 Ra8 48.
Rc2 Rf8 49. Bh4 Qe8 50. Re2 Ke6 51. Be1 Qe7 52. Ra2 Ra8 53. Bh4 Qf8 54. Be1 Ra7
55. Qf3 Qa8 56. Kh3 Rb8 57. Qe3 b4 58. axb4 axb4 59. Rxa7 Qxa7 60. cxb4 Qa2 61.
Bc3 Ra8 62. Kg3 Qc2 63. Rf1 Ra3 64. Rf2 Qd1 65. Qf3 Qg1+ 66. Rg2 Qb1 67. Rg1
Qxg1+ 0-1

[Event "Quebec-ch 1/2 final"]
[Site "Montreal CAN"]
[Date "2002.06.08"]
[Round "2"]
[White "Fortier, Marc-Andre"]
[Black "Lawson, Eric"]
[Result "1/2-1/2"]
[WhiteElo "2176"]
[BlackElo "2301"]
[PlyCount "87"]
[EventDate "2002.06.07"]
[EventType "swiss"]
[EventRounds "5"]
[EventCountry "CAN"]

1. e4 c5 2. Nc3 Nc6 3. g3 g6 4. Bg2 Bg7 5. d3 d6 6. f4 e6 7. Nf3 Nge7 8. O-O h6
9. Be3 Nd4 10. Nh4 f5 11. Re1 O-O 12. Qd2 Rb8 13. Nd1 b6 14. c3 Ndc6 15. d4
cxd4 16. cxd4 Na5 17. b3 Bb7 18. Nf2 Kh7 19. Rac1 Rc8 20. Rxc8 Qxc8 21. Rc1 Qd7
22. b4 Nac6 23. d5 exd5 24. exd5 Nb8 25. Bd4 Na6 26. Bxg7 Kxg7 27. Qd4+ Kh7 28.
Nd1 Nc7 29. Ne3 Nb5 30. Qd3 Nc7 31. g4 fxg4 32. f5 Ne8 33. fxg6+ Kg8 34. Qd4
Nf6 35. Rf1 Kg7 36. Rxf6 Rxf6 37. Nxg4 Ng8 38. Bh3 Qe8 39. Nxf6 Qe1+ 40. Bf1
Nxf6 41. Nf5+ Kxg6 42. Nxd6 Bxd5 43. Qd3+ Ne4 44. Nxe4 1/2-1/2

[Event "Quebec-ch 1/2 final"]
[Site "Montreal CAN"]
[Date "2002.06.08"]
[Round "2"]
[White "Hua, Lefong"]
[Black "Pageau, Roger"]
[Result "1-0"]
[WhiteElo "2307"]
[BlackElo "1901"]
[PlyCount "73"]
[EventDate "2002.06.07"]
[EventType "swiss"]
[EventRounds "5"]
[EventCountry "CAN"]

1. c4 d6 2. Nc3 g6 3. d4 c6 4. e4 Bg7 5. f4 Qb6 6. Nf3 Bg4 7. Na4 Qc7 8. Be2
Nd7 9. O-O Bxf3 10. Bxf3 e5 11. fxe5 dxe5 12. d5 h5 13. Be3 Bh6 14. Bf2 Ngf6
15. d6 Qc8 16. c5 Kf8 17. b4 Kg7 18. Nb2 Qe8 19. Qd3 g5 20. Nc4 g4 21. Bd1 Kg6
22. Be3 Ng8 23. Bb3 f6 24. a3 Bxe3+ 25. Nxe3 Nh6 26. Nf5 Nxf5 27. exf5+ Kg7 28.
Qe4 Kf8 29. Qc4 Kg7 30. Rae1 a6 31. Re3 Rd8 32. h3 gxh3 33. gxh3 Kh7 34. Rg3 e4
35. Kh1 h4 36. Rg4 Qh5 37. Rxh4 1-0

[Event "Quebec-ch 1/2 final"]
[Site "Montreal CAN"]
[Date "2002.06.08"]
[Round "2"]
[White "Masse, Hugues"]
[Black "Bannon, Eric"]
[Result "0-1"]
[WhiteElo "2101"]
[BlackElo "2202"]
[PlyCount "110"]
[EventDate "2002.06.07"]
[EventType "swiss"]
[EventRounds "5"]
[EventCountry "CAN"]

1. e4 d5 2. exd5 Nf6 3. Nf3 Nxd5 4. d4 g6 5. Be2 Bg7 6. O-O O-O 7. Re1 Nc6 8.
c3 Bf5 9. Na3 Qd7 10. Nc4 Rad8 11. h3 Qc8 12. Bf1 Nb6 13. Nxb6 cxb6 14. Bf4
Rfe8 15. Qa4 a6 16. Qb3 b5 17. Rad1 h6 18. d5 Na5 19. Qb4 Nc4 20. b3 Nb2 21.
Rd4 a5 22. Qxb5 Bxd4 23. cxd4 Qc3 24. Bd2 Qc2 25. Rc1 Qe4 26. Re1 Qxd5 27. Bc3
Qxb5 28. Bxb5 Nd3 29. Rd1 Nf4 30. Bxa5 Ra8 31. Bxe8 Rxe8 32. Bd2 Bc2 33. Re1
Nd5 34. Rc1 Be4 35. Bxh6 Bxf3 36. gxf3 f6 37. Bd2 Rd8 38. Kf1 Kf7 39. a4 Ke6
40. Kg2 Kd6 41. Kg3 Ke6 42. Rc5 Ra8 43. a5 Rd8 44. Rb5 Rd7 45. Rc5 Rd8 46. Rc1
Rh8 47. h4 Rd8 48. b4 Kd6 49. b5 Ra8 50. Kg4 Ke6 51. f4 f5+ 52. Kg5 Nf6 53. d5+
Kf7 54. h5 Ne4+ 55. Kh4 Nxd2 0-1

[Event "Quebec-ch 1/2 final"]
[Site "Montreal CAN"]
[Date "2002.06.08"]
[Round "2"]
[White "Moisan-Plante, Marc-Olivier"]
[Black "Khaziyeva, Dinara"]
[Result "1-0"]
[WhiteElo "2162"]
[BlackElo "2056"]
[PlyCount "115"]
[EventDate "2002.06.07"]
[EventType "swiss"]
[EventRounds "5"]
[EventCountry "CAN"]

1. e4 d6 2. d4 Nf6 3. Nc3 Nbd7 4. Nf3 e5 5. Bc4 Be7 6. O-O O-O 7. h3 c6 8. Qe2
b5 9. Bb3 a6 10. a3 Qc7 11. Bg5 Re8 12. dxe5 dxe5 13. Bxf6 Bxf6 14. Qe3 h6 15.
Nh2 Bg5 16. Qf3 Nc5 17. Ba2 Be6 18. Rad1 a5 19. Bxe6 Nxe6 20. Ne2 Rad8 21. Qc3
c5 22. Nf3 Bf6 23. b4 axb4 24. axb4 c4 25. Qe3 Nf4 26. Nc3 Qc6 27. Kh2 Qb7 28.
Qc5 Ne6 29. Qxb5 Qxb5 30. Nxb5 Nd4 31. Nc7 Re7 32. Nd5 Rxd5 33. exd5 Nxc2 34.
Rc1 Nxb4 35. d6 Rd7 36. Rxc4 Nd5 37. Rd1 Rxd6 38. Rc5 e4 39. Rcxd5 Rxd5 40.
Rxd5 exf3 41. g3 g5 42. g4 Kg7 43. Kg3 Bc3 44. h4 gxh4+ 45. Kxh4 Kg6 46. Kg3 f6
47. Kxf3 Bb2 48. Kg3 Bc3 49. Rb5 Be1 50. Rd5 Bc3 51. f4 Be1+ 52. Kf3 Bc3 53.
Ke4 Bb2 54. Rd7 h5 55. gxh5+ Kxh5 56. Kf5 Kh4 57. Rg7 Bc3 58. Rg6 1-0

[Event "Quebec-ch 1/2 final"]
[Site "Montreal CAN"]
[Date "2002.06.08"]
[Round "2"]
[White "Ramaswamy, Kishor"]
[Black "Liard, Serge"]
[Result "1/2-1/2"]
[WhiteElo "2076"]
[BlackElo "1973"]
[PlyCount "114"]
[EventDate "2002.06.07"]
[EventType "swiss"]
[EventRounds "5"]
[EventCountry "CAN"]

1. d4 d5 2. Nf3 Nf6 3. Bf4 c6 4. c3 Bf5 5. h3 h6 6. e3 e6 7. Bd3 Bxd3 8. Qxd3
Qb6 9. Qc2 c5 10. Nbd2 Nbd7 11. O-O Rc8 12. Rfe1 Bd6 13. Bxd6 Qxd6 14. e4 dxe4
15. Nxe4 Nxe4 16. Qxe4 O-O 17. Rad1 Qb6 18. Rd2 Nf6 19. Qe5 cxd4 20. Nxd4 Rc5
21. Qe3 Rfc8 22. Red1 Rg5 23. Qf3 Nd5 24. Ne2 Rf5 25. Qg3 g6 26. b3 Rg5 27. Qh4
Rh5 28. Qd4 Nxc3 29. Qxb6 Nxe2+ 30. Rxe2 axb6 31. Rd7 Rd5 32. Rxb7 Rc1+ 33. Kh2
b5 34. Re4 Rc2 35. Rf4 f5 36. a4 g5 37. Rf3 f4 38. h4 bxa4 39. bxa4 e5 40. hxg5
hxg5 41. Ra7 g4 42. Rb3 Rdc5 43. Rbb7 Rc8 44. Rg7+ Kh8 45. Rh7+ Kg8 46. Rag7+
Kf8 47. Rf7+ Kg8 48. Rfg7+ Kf8 49. Rxg4 R8c7 50. Rxc7 Rxc7 51. Rg5 Rc5 52. Kh3
Kf7 53. g3 fxg3 54. Rxg3 Kf6 55. Ra3 Ra5 56. Kg4 Ke6 57. Kf3 Kd5 1/2-1/2

[Event "Quebec-ch 1/2 final"]
[Site "Montreal CAN"]
[Date "2002.06.08"]
[Round "2"]
[White "Trottier, Yves"]
[Black "Singher, Jean-Pierre"]
[Result "1-0"]
[WhiteElo "1930"]
[BlackElo "1981"]
[PlyCount "111"]
[EventDate "2002.06.07"]
[EventType "swiss"]
[EventRounds "5"]
[EventCountry "CAN"]

1. e4 c5 2. Nc3 Nc6 3. g3 d6 4. Bg2 g6 5. d3 Bg7 6. f4 e6 7. Nf3 Nge7 8. O-O
Rb8 9. Be3 Nd4 10. e5 Nef5 11. Bf2 dxe5 12. Nxe5 O-O 13. Ne4 f6 14. Nc4 b6 15.
c3 Nb5 16. a4 Nbd6 17. Ncxd6 Nxd6 18. Nxd6 Qxd6 19. d4 c4 20. Qe2 Ba6 21. Rfe1
Rfe8 22. b4 Qc7 23. b5 Bb7 24. Bxb7 Rxb7 25. Rad1 Qc8 26. Qe4 f5 27. Qf3 Rd7
28. Re3 Rd5 29. Rde1 Qd7 30. Qe2 a6 31. Rxe6 Rxe6 32. Qxe6+ Qxe6 33. Rxe6 axb5
34. Rxb6 bxa4 35. Ra6 Rd7 36. Rxa4 Rc7 37. Be3 Kf7 38. Bc1 Ke6 39. Kf2 Kd5 40.
Ke3 Re7+ 41. Kf3 Re1 42. Ra5+ Ke6 43. Be3 Bf8 44. d5+ Kd7 45. Bd4 Rf1+ 46. Kg2
Re1 47. Be5 Re2+ 48. Kh3 Rd2 49. Ra7+ Ke8 50. Ra8+ Kf7 51. Bd4 h5 52. Rc8 Rb2
53. Rxc4 Rb5 54. Rc7+ Ke8 55. c4 Rb4 56. Rc8+ 1-0

[Event "Quebec-ch 1/2 final"]
[Site "Montreal CAN"]
[Date "2002.06.08"]
[Round "3"]
[White "Audet-Bouchard, Nicolas"]
[Black "Picard, Christian"]
[Result "1-0"]
[WhiteElo "1950"]
[BlackElo "1666"]
[PlyCount "27"]
[EventDate "2002.06.07"]
[EventType "swiss"]
[EventRounds "5"]
[EventCountry "CAN"]

1. e4 e5 2. f4 d5 3. exd5 Qxd5 4. Nc3 Qd8 5. fxe5 Nc6 6. Nf3 Bc5 7. Ne4 Bb6 8.
c3 Nxe5 9. Nxe5 Qd5 10. Qf3 Qxe5 11. d4 Qf5 12. Bf4 Nf6 13. Bd3 Nd5 14. Nd6+
1-0

[Event "Quebec-ch 1/2 final"]
[Site "Montreal CAN"]
[Date "2002.06.08"]
[Round "3"]
[White "Bolduc, Steve"]
[Black "Fortier, Marc-Andre"]
[Result "1-0"]
[WhiteElo "2245"]
[BlackElo "2176"]
[PlyCount "73"]
[EventDate "2002.06.07"]
[EventType "swiss"]
[EventRounds "5"]
[EventCountry "CAN"]

1. d4 Nf6 2. c4 g6 3. Nf3 Bg7 4. g3 O-O 5. Bg2 c5 6. d5 d6 7. Nc3 Nbd7 8. O-O
Ng4 9. h3 Nge5 10. Nd2 Nb6 11. Qb3 f5 12. f4 Nf7 13. a4 Rb8 14. a5 Na8 15. a6
Nc7 16. e4 b5 17. cxb5 Bd7 18. exf5 gxf5 19. Qc2 Nxb5 20. Nxb5 Rxb5 21. Nc4 Qb8
22. Re1 Re8 23. Ra3 e6 24. Kh2 exd5 25. Rxe8+ Qxe8 26. Bxd5 Bf8 27. Re3 Qc8 28.
b3 Bc6 29. Be6 Bd7 30. Qxf5 Bxe6 31. Rxe6 Bg7 32. Bb2 Qf8 33. Qg4 Ne5 34. Nxe5
dxe5 35. Bxe5 Rb8 36. Bxb8 Qxb8 37. Re7 1-0

[Event "Quebec-ch 1/2 final"]
[Site "Montreal CAN"]
[Date "2002.06.08"]
[Round "3"]
[White "Chabot, Roland"]
[Black "Hua, Lefong"]
[Result "0-1"]
[WhiteElo "2081"]
[BlackElo "2307"]
[PlyCount "112"]
[EventDate "2002.06.07"]
[EventType "swiss"]
[EventRounds "5"]
[EventCountry "CAN"]

1. d4 Nf6 2. Nf3 c5 3. e3 b6 4. Bd3 Bb7 5. Nbd2 g6 6. O-O Bg7 7. c3 O-O 8. Qe2
d6 9. dxc5 bxc5 10. e4 Nbd7 11. h3 Qc7 12. Re1 Rfd8 13. Nf1 Nb6 14. Ng3 c4 15.
Bc2 e5 16. Bd2 a5 17. Rad1 Ba6 18. Nh2 Nbd7 19. Ng4 Nxg4 20. hxg4 Nc5 21. Be3
Rab8 22. Bc1 a4 23. a3 Nd3 24. Bxd3 cxd3 25. Qe3 Qc6 26. g5 Re8 27. Nf1 Rbd8
28. Nh2 d5 29. exd5 Qxd5 30. Ng4 Qe6 31. Qg3 Qf5 32. Qh4 Bc8 33. f3 e4 34. Ne3
Qc5 35. fxe4 Bb7 36. Qf2 Rxe4 37. Nf1 Rg4 38. Be3 Qc6 39. Rd2 Qd7 40. g3 Qc6
41. Qh2 Be5 42. Qh3 Bc8 43. Qg2 Qc7 44. Bf2 Rxg5 45. Rxe5 Rxe5 46. Bd4 Rh5 47.
Qf3 Rf5 48. Qe3 Qc6 49. Qh6 Rxd4 50. cxd4 Rh5 51. Qf4 Qh1+ 52. Kf2 Rf5 53. Rxd3
Rxf4+ 54. gxf4 Ba6 55. Rd1 Bxf1 56. Rxf1 Qe4 0-1

[Event "Quebec-ch 1/2 final"]
[Site "Montreal CAN"]
[Date "2002.06.08"]
[Round "3"]
[White "Khaziyeva, Dinara"]
[Black "Liard, Serge"]
[Result "1/2-1/2"]
[WhiteElo "2056"]
[BlackElo "1973"]
[PlyCount "58"]
[EventDate "2002.06.07"]
[EventType "swiss"]
[EventRounds "5"]
[EventCountry "CAN"]

1. b3 d5 2. Bb2 Nf6 3. e3 Nbd7 4. Nf3 e6 5. c4 c6 6. d3 Bd6 7. Nbd2 O-O 8. g3
e5 9. Bg2 Nc5 10. Qc2 e4 11. dxe4 dxe4 12. Ng5 Nd3+ 13. Kf1 Nxf2 14. Ngxe4
N2xe4 15. Nxe4 Ng4 16. Qd2 Bc7 17. Qxd8 Rxd8 18. Ke2 f5 19. Nc5 Re8 20. Bd4 Be5
21. Kd2 Rd8 22. Kc3 Nxe3 23. Bxe5 Nxg2 24. Rhg1 Ne3 25. Rge1 Ng4 26. Bc7 Rf8
27. Bd6 Rd8 28. Bc7 Rf8 29. Bd6 Rd8 1/2-1/2

[Event "Quebec-ch 1/2 final"]
[Site "Montreal CAN"]
[Date "2002.06.08"]
[Round "3"]
[White "Lawson, Eric"]
[Black "Tomb, Maroun"]
[Result "1-0"]
[WhiteElo "2301"]
[BlackElo "2189"]
[PlyCount "101"]
[EventDate "2002.06.07"]
[EventType "swiss"]
[EventRounds "5"]
[EventCountry "CAN"]

1. d4 Nf6 2. Bg5 c6 3. Bxf6 exf6 4. e3 Qb6 5. Qc1 d5 6. c4 Bf5 7. Nc3 dxc4 8.
Bxc4 Bd6 9. Nge2 O-O 10. Ng3 Bg6 11. O-O Nd7 12. Rd1 Rfe8 13. a3 a5 14. Qd2
Rad8 15. Rac1 Bb8 16. Qe2 f5 17. Qd2 Nf6 18. Na4 Qc7 19. Nc5 Ne4 20. Ncxe4 fxe4
21. b4 axb4 22. axb4 h5 23. Qc2 h4 24. Nf1 Bh5 25. Be2 Bxe2 26. Qxe2 Qe7 27. b5
Rd6 28. bxc6 bxc6 29. Rc5 Rg6 30. Rdc1 Qd7 31. Qh5 Bd6 32. Rg5 Rxg5 33. Qxg5 h3
34. Ng3 Bxg3 35. hxg3 hxg2 36. Kxg2 Qd5 37. Qxd5 cxd5 38. Rc7 Rd8 39. Kh3 g6
40. Kg4 Rd6 41. Kf4 Rf6+ 42. Ke5 Rf5+ 43. Kd6 Rxf2 44. Kxd5 Rf3 45. Kxe4 Rxg3
46. d5 Kf8 47. d6 Ke8 48. Re7+ Kf8 49. Re5 Rg1 50. d7 f5+ 51. Kf3 1-0

[Event "Quebec-ch 1/2 final"]
[Site "Montreal CAN"]
[Date "2002.06.08"]
[Round "3"]
[White "Pageau, Roger"]
[Black "Masse, Hugues"]
[Result "0-1"]
[WhiteElo "1901"]
[BlackElo "2101"]
[PlyCount "46"]
[EventDate "2002.06.07"]
[EventType "swiss"]
[EventRounds "5"]
[EventCountry "CAN"]

1. d4 Nf6 2. Nf3 g6 3. Bf4 Bg7 4. h3 O-O 5. e3 d5 6. Bd3 c5 7. c3 Qb6 8. Qc1
Nc6 9. Nbd2 cxd4 10. cxd4 Nb4 11. Bb1 Bf5 12. Bc7 Rac8 13. Bxf5 Rxc7 14. Qd1
gxf5 15. O-O Rfc8 16. a3 Nc6 17. b4 e6 18. Rb1 Ne7 19. Nb3 Qd6 20. Rb2 Ne4 21.
Ne1 b6 22. Qh5 Ng6 23. g4 Nf6 0-1

[Event "Quebec-ch 1/2 final"]
[Site "Montreal CAN"]
[Date "2002.06.08"]
[Round "3"]
[White "Singher, Jean-Pierre"]
[Black "Forget, Luc"]
[Result "1-0"]
[WhiteElo "1981"]
[BlackElo "1842"]
[PlyCount "81"]
[EventDate "2002.06.07"]
[EventType "swiss"]
[EventRounds "5"]
[EventCountry "CAN"]

1. d4 Nf6 2. c4 e6 3. Nf3 b6 4. a3 Bb7 5. Nc3 d5 6. cxd5 exd5 7. Bg5 Be7 8. e3
O-O 9. Bd3 Nbd7 10. Rc1 c5 11. O-O a6 12. Bb1 c4 13. Qe2 b5 14. Rfd1 Ne4 15.
Bf4 g6 16. Bh6 Re8 17. Nxe4 dxe4 18. Nd2 Bd6 19. f4 f5 20. Bg5 Be7 21. h4 h5
22. Ba2 Bd5 23. b3 cxb3 24. Nxb3 Bxg5 25. Na5 Nb6 26. Nc6 Qd6 27. hxg5 Rac8 28.
Ne5 Kg7 29. Rc5 Red8 30. Rdc1 Qb8 31. Bxd5 Rxd5 32. Rc6 Rd6 33. Rxc8 Nxc8 34.
Qa2 Qb7 35. Rxc8 Qxc8 36. Qf7+ Kh8 37. Nxg6+ Rxg6 38. Qxg6 Qc1+ 39. Kh2 Qxe3
40. Qxh5+ Kg7 41. Qh6+ 1-0

[Event "Quebec-ch 1/2 final"]
[Site "Montreal CAN"]
[Date "2002.06.08"]
[Round "3"]
[White "Trottier, Yves"]
[Black "Moisan-Plante, Marc-Olivier"]
[Result "0-1"]
[WhiteElo "1939"]
[BlackElo "2137"]
[PlyCount "94"]
[EventDate "2002.06.07"]
[EventType "swiss"]
[EventRounds "5"]
[EventCountry "CAN"]

1. e4 e5 2. Nf3 Nc6 3. d4 exd4 4. Nxd4 Nf6 5. Nc3 Bc5 6. Nxc6 bxc6 7. Bd3 d6 8.
O-O a5 9. Qf3 Ng4 10. Bf4 Qf6 11. Rae1 Ne5 12. Qg3 Be6 13. Kh1 h6 14. Bxe5 dxe5
15. f4 exf4 16. Qxf4 Qxf4 17. Rxf4 Rb8 18. Na4 Be7 19. b3 O-O 20. e5 Rb4 21.
Rff1 Rd8 22. Nb2 Rbd4 23. Nc4 a4 24. Nb2 Bb4 25. Re4 axb3 26. Rxd4 Rxd4 27.
axb3 Bc3 28. Na4 Ba5 29. Nb2 g6 30. Nc4 Bc3 31. h3 Rd8 32. Rf6 Kg7 33. Rf3 Bd5
34. Rf1 Ra8 35. Kg1 Bd4+ 36. Kh1 Ra1 37. Rxa1 Bxa1 38. Kg1 Bd4+ 39. Kf1 Kf8 40.
Be2 Ke7 41. Bd3 Ke6 42. Be2 Bxe5 43. Nxe5 Kxe5 44. c4 Be4 45. g3 Kd4 46. Ke1
Kc3 47. Bd1 c5 0-1

[Event "Quebec-ch 1/2 final"]
[Site "Montreal CAN"]
[Date "2002.06.09"]
[Round "4"]
[White "Audet-Bouchard, Nicolas"]
[Black "Fortier, Marc-Andre"]
[Result "1-0"]
[WhiteElo "1980"]
[BlackElo "2176"]
[PlyCount "91"]
[EventDate "2002.06.07"]
[EventType "swiss"]
[EventRounds "5"]
[EventCountry "CAN"]

1. e4 c5 2. Nf3 d6 3. d4 cxd4 4. Nxd4 Nf6 5. Nc3 g6 6. Be3 Bg7 7. f3 Nc6 8. Qd2
O-O 9. Bc4 Bd7 10. O-O-O Ne5 11. Bb3 Qa5 12. h4 Rfc8 13. g4 Nc4 14. Bxc4 Rxc4
15. h5 Rac8 16. Nb3 Qc7 17. e5 Nxg4 18. fxg4 Bxg4 19. Rdg1 gxh5 20. Bh6 Rxc3
21. bxc3 Qxc3 22. Bxg7 Qxd2+ 23. Kxd2 Kxg7 24. Rxh5 Kg6 25. Rh2 h5 26. exd6 Rd8
27. Ke3 Rxd6 28. Nd4 f5 29. c3 Kf6 30. Rd2 e5 31. Nb3 Rc6 32. Rc1 f4+ 33. Kf2
e4 34. Rd8 e3+ 35. Kf1 f3 36. Nd4 Bh3+ 37. Kg1 f2+ 38. Kh2 Rxc3 39. Rxc3 f1=Q
40. Rf8+ Ke5 41. Rxf1 Bxf1 42. Nc2 e2 43. Kg3 b5 44. Rb3 a6 45. Kf2 h4 46. Ne3
1-0

[Event "Quebec-ch 1/2 final"]
[Site "Montreal CAN"]
[Date "2002.06.09"]
[Round "4"]
[White "Hua, Lefong"]
[Black "Bolduc, Steve"]
[Result "1/2-1/2"]
[WhiteElo "2307"]
[BlackElo "2245"]
[PlyCount "56"]
[EventDate "2002.06.07"]
[EventType "swiss"]
[EventRounds "5"]
[EventCountry "CAN"]

1. c4 e6 2. Nc3 d5 3. d4 Nf6 4. cxd5 exd5 5. Bg5 Be7 6. e3 c6 7. Qc2 Nbd7 8.
Bd3 O-O 9. O-O-O a5 10. Kb1 b5 11. Nf3 h6 12. Bh4 a4 13. e4 b4 14. e5 bxc3 15.
exf6 Bxf6 16. Bxf6 Qxf6 17. Qxc3 Ba6 18. Rd2 Bxd3+ 19. Qxd3 Rfb8 20. Rc1 Rb6
21. g3 Rab8 22. Qc3 Rb4 23. Rcc2 Qf5 24. Qd3 Qf6 25. Qc3 g6 26. h4 R8b5 27. Qe3
Qf5 28. Qd3 Qf6 1/2-1/2

[Event "Quebec-ch 1/2 final"]
[Site "Montreal CAN"]
[Date "2002.06.09"]
[Round "4"]
[White "Khaziyeva, Dinara"]
[Black "Pageau, Roger"]
[Result "0-1"]
[WhiteElo "2056"]
[BlackElo "1901"]
[PlyCount "100"]
[EventDate "2002.06.07"]
[EventType "swiss"]
[EventRounds "5"]
[EventCountry "CAN"]

1. b3 d5 2. Bb2 c5 3. e3 Nc6 4. Nf3 Bg4 5. Bb5 f6 6. Bxc6+ bxc6 7. d4 cxd4 8.
exd4 e6 9. O-O Bd6 10. Re1 Ne7 11. h3 Bxf3 12. Qxf3 Kf7 13. Nd2 g6 14. Re2 Nf5
15. Rae1 Ng7 16. Qd3 Qd7 17. Nf3 Rae8 18. Bc1 Re7 19. g4 g5 20. c4 h5 21. Bxg5
fxg5 22. Re5 hxg4 23. hxg4 Kf8 24. Rxg5 Rf7 25. Kg2 Rh6 26. Rg6 Rf6 27. Rxf6+
Rxf6 28. g5 Rf5 29. g6 Qe7 30. Rh1 Qf6 31. c5 Bc7 32. Rh8+ Ke7 33. Rc8 Ne8 34.
b4 Qxg6+ 35. Kf1 Qh5 36. Ke2 Rf4 37. a4 Re4+ 38. Kd2 Bf4+ 39. Kc2 Qh1 40. b5
Qa1 41. b6 axb6 42. cxb6 Qxa4+ 43. Qb3 Re2+ 44. Kc3 Qa5+ 45. Qb4+ Qxb4+ 46.
Kxb4 Rxf2 47. Ne5 Bxe5 48. dxe5 Kd7 49. Ra8 Rb2+ 50. Kc5 Rb5+ 0-1

[Event "Quebec-ch 1/2 final"]
[Site "Montreal CAN"]
[Date "2002.06.09"]
[Round "4"]
[White "Moisan-Plante, Marc-Olivier"]
[Black "Masse, Hugues"]
[Result "1/2-1/2"]
[WhiteElo "2135"]
[BlackElo "2101"]
[PlyCount "63"]
[EventDate "2002.06.07"]
[EventType "swiss"]
[EventRounds "5"]
[EventCountry "CAN"]

1. e4 c5 2. Nc3 e6 3. f4 d5 4. Nf3 dxe4 5. Nxe4 Nc6 6. Bb5 Bd7 7. O-O Be7 8. b3
Nh6 9. Bb2 Nf5 10. Re1 O-O 11. c4 a6 12. Bxc6 Bxc6 13. Qe2 Qb6 14. Qf2 Rfd8 15.
g4 Nd4 16. Nxd4 cxd4 17. f5 exf5 18. gxf5 Bxe4 19. Rxe4 Bf6 20. d3 Qd6 21. Rae1
Rac8 22. Qe2 h6 23. Bc1 Qd7 24. Qg4 Rc5 25. Rf1 Kh7 26. b4 Re5 27. Rxe5 Bxe5
28. Re1 Bf6 29. Qe4 b6 30. a3 Qd6 31. Bd2 Qd7 32. Bf4 1/2-1/2

[Event "Quebec-ch 1/2 final"]
[Site "Montreal CAN"]
[Date "2002.06.09"]
[Round "4"]
[White "Picard, Christian"]
[Black "Singher, Jean-Pierre"]
[Result "1/2-1/2"]
[WhiteElo "1666"]
[BlackElo "1981"]
[PlyCount "85"]
[EventDate "2002.06.07"]
[EventType "swiss"]
[EventRounds "5"]
[EventCountry "CAN"]

1. e4 c5 2. Nc3 Nc6 3. f4 d6 4. Nf3 e6 5. Bc4 a6 6. a4 Qc7 7. O-O Nf6 8. d3 Be7
9. f5 O-O 10. fxe6 Bxe6 11. Bxe6 fxe6 12. Bg5 Rae8 13. Ne2 Ng4 14. Bxe7 Rxe7
15. Qd2 d5 16. h3 Nf6 17. exd5 exd5 18. Qf4 Qb6 19. Qd2 d4 20. Rfe1 Nd5 21. Ng3
Ne3 22. Ne4 Qc7 23. Rxe3 dxe3 24. Qxe3 b6 25. Rf1 Qf4 26. Qf2 Ne5 27. Qe1 h6
28. Nfd2 Nxd3 29. cxd3 Qc7 30. Rxf8+ Kxf8 31. Qg3 Qxg3 32. Nxg3 Re3 33. Kf2
Rxd3 34. Nge4 Ke7 35. Ke2 Rd4 36. b3 Ke6 37. Ke3 Rb4 38. Nc3 Ke5 39. g3 Ke6 40.
Na2 Rd4 41. Nc3 Rd8 42. Nf3 Kf5 43. Nh4+ 1/2-1/2

[Event "Quebec-ch 1/2 final"]
[Site "Montreal CAN"]
[Date "2002.06.09"]
[Round "4"]
[White "Ramaswamy, Kishor"]
[Black "Trottier, Yves"]
[Result "1/2-1/2"]
[WhiteElo "2076"]
[BlackElo "1939"]
[PlyCount "82"]
[EventDate "2002.06.07"]
[EventType "swiss"]
[EventRounds "5"]
[EventCountry "CAN"]

1. d4 d5 2. Nf3 Nf6 3. Bf4 e6 4. Nbd2 Be7 5. e3 O-O 6. Bd3 b6 7. c3 Bb7 8. h3
c5 9. O-O Nc6 10. Re1 cxd4 11. exd4 Rc8 12. Ne5 Nxe5 13. dxe5 Ne8 14. Nf3 g6
15. Bh6 Ng7 16. Nd4 Bg5 17. Bxg5 Qxg5 18. Qc1 Qxc1 19. Raxc1 a6 20. g4 Rc5 21.
f4 Bc8 22. Rc2 b5 23. a4 bxa4 24. Ra1 Bd7 25. Bxa6 Ra8 26. Bd3 Re8 27. Rf2 Rc7
28. Bc2 h6 29. Ra2 Ra8 30. Rf1 Kh7 31. Rfa1 Rca7 32. Ra3 Ne8 33. b3 Nc7 34.
bxa4 Nb5 35. Nxb5 Bxb5 36. a5 Rc8 37. Bd1 Rac7 38. Rc1 d4 39. a6 Ra7 40. Rb3
Bxa6 41. Ra3 Rxc3 1/2-1/2

[Event "Quebec-ch 1/2 final"]
[Site "Montreal CAN"]
[Date "2002.06.09"]
[Round "4"]
[White "Tomb, Maroun"]
[Black "Chabot, Roland"]
[Result "1/2-1/2"]
[WhiteElo "2189"]
[BlackElo "2127"]
[PlyCount "143"]
[EventDate "2002.06.07"]
[EventType "swiss"]
[EventRounds "5"]
[EventCountry "CAN"]

1. e4 c5 2. Nf3 e6 3. c4 Nc6 4. Nc3 Nf6 5. Be2 e5 6. O-O d6 7. Ne1 Be7 8. Nc2
Bd7 9. a3 Nd4 10. Ne3 a5 11. b3 Bc6 12. d3 Nd7 13. g3 Nf8 14. f4 Nfe6 15. Bg4
Nc7 16. Ra2 b5 17. a4 bxc4 18. bxc4 Na6 19. Nb5 Bf6 20. Raf2 O-O 21. Bb2 exf4
22. gxf4 Nb4 23. Bxd4 cxd4 24. Nf5 Bxb5 25. cxb5 g6 26. Rg2 Kh8 27. Ng3 Ra7 28.
Re2 Re8 29. Rfe1 Bh4 30. Kg2 Rc7 31. Rd2 Bxg3 32. hxg3 Rc3 33. Qe2 Qb6 34. Rh1
Nd5 35. Kf2 Ne3 36. Bd7 Re7 37. Bc6 Qc5 38. g4 f6 39. Kg3 Rg7 40. Qh2 Rc1 41.
Rf2 g5 42. Bd5 Qc8 43. f5 Rc3 44. Rd2 Nxd5 45. exd5 Qe8 46. Qf2 Qe5+ 47. Kh3
Re7 48. Qf3 h5 49. Rhh2 Qe1 50. Rhe2 Qh4+ 51. Kg2 Rc1 52. Qh3 Rxe2+ 53. Rxe2
Rg1+ 54. Kxg1 Qxh3 55. Re8+ Kg7 56. b6 Qxg4+ 57. Kf2 Qxf5+ 58. Kg1 Qxd5 59.
Re7+ Kf8 60. b7 Kxe7 61. b8=Q Qc5 62. Qb7+ Ke6 63. Qb3+ Kf5 64. Qf7 h4 65. Qh7+
Ke6 66. Qg8+ Kd7 67. Qf7+ Kc6 68. Qe8+ Kb6 69. Qb8+ Kc6 70. Qc8+ Kb6 71. Qb8+
Kc6 72. Qc8+ 1/2-1/2

[Event "Quebec-ch 1/2 final"]
[Site "Montreal CAN"]
[Date "2002.06.09"]
[Round "5"]
[White "Bolduc, Steve"]
[Black "Audet-Bouchard, Nicolas"]
[Result "1-0"]
[WhiteElo "2245"]
[BlackElo "1980"]
[PlyCount "41"]
[EventDate "2002.06.07"]
[EventType "swiss"]
[EventRounds "5"]
[EventCountry "CAN"]

1. d4 Nf6 2. Nf3 c5 3. d5 e6 4. c4 b5 5. a4 exd5 6. cxd5 Bb7 7. e4 Nxe4 8. Bxb5
Be7 9. O-O O-O 10. Re1 Nd6 11. Bf1 Na6 12. Nc3 Re8 13. Bf4 Nb4 14. Qd2 Bf8 15.
h4 Qf6 16. Ne5 Qd8 17. a5 a6 18. h5 Ra7 19. h6 g6 20. Ng4 Nf5 21. Rxe8 1-0